<?xml version="1.0" encoding="UTF-8"?>
<collection xmlns="http://www.loc.gov/MARC21/slim">
 <record>
  <leader>03191nab a2200385 i 4500</leader>
  <controlfield tag="001">publ27902</controlfield>
  <controlfield tag="005">20230718002337.0</controlfield>
  <controlfield tag="008">230718s2016    hu      o     0||   Angol d</controlfield>
  <datafield tag="022" ind1=" " ind2=" ">
   <subfield code="a">0269-2813</subfield>
  </datafield>
  <datafield tag="024" ind1="7" ind2=" ">
   <subfield code="a">10.1111/apt.13665</subfield>
   <subfield code="2">doi</subfield>
  </datafield>
  <datafield tag="024" ind1="7" ind2=" ">
   <subfield code="a">3341827</subfield>
   <subfield code="2">mtmt</subfield>
  </datafield>
  <datafield tag="040" ind1=" " ind2=" ">
   <subfield code="a">SZTE Publicatio Repozitórium</subfield>
   <subfield code="b">hun</subfield>
  </datafield>
  <datafield tag="041" ind1=" " ind2=" ">
   <subfield code="a">Angol</subfield>
  </datafield>
  <datafield tag="100" ind1="1" ind2=" ">
   <subfield code="a">Schmidt Christoph</subfield>
  </datafield>
  <datafield tag="245" ind1="1" ind2="0">
   <subfield code="a">Ferric maltol therapy for iron deficiency anaemia in patients with inflammatory bowel disease</subfield>
   <subfield code="h">[elektronikus dokumentum] :</subfield>
   <subfield code="b">long-term extension data from a Phase 3 study /</subfield>
   <subfield code="c"> Schmidt Christoph</subfield>
  </datafield>
  <datafield tag="260" ind1=" " ind2=" ">
   <subfield code="c">2016</subfield>
  </datafield>
  <datafield tag="300" ind1=" " ind2=" ">
   <subfield code="a">259-270</subfield>
  </datafield>
  <datafield tag="490" ind1="0" ind2=" ">
   <subfield code="a">ALIMENTARY PHARMACOLOGY &amp; THERAPEUTICS</subfield>
   <subfield code="v">44 No. 3</subfield>
  </datafield>
  <datafield tag="520" ind1="3" ind2=" ">
   <subfield code="a">Background Ferric maltol was effective and well-tolerated in iron deficiency anaemia patients with inflammatory bowel disease during a 12-week placebo-controlled trial. Aim To perform a Phase 3 extension study evaluating long-term efficacy and safety with ferric maltol in inflammatory bowel disease patients in whom oral ferrous therapies had failed to correct iron deficiency anaemia. Methods After 12 weeks of randomised, double-blind treatment, patients with iron deficiency anaemia and mild-to-moderate ulcerative colitis or Crohn's disease received open-label ferric maltol 30 mg b.d. for 52 weeks. Results 111 patients completed randomised treatment and 97 entered the open-label ferric maltol extension. In patients randomised to ferric maltol ('continued'; n = 50), mean +/- s.d. haemoglobin increased by 3.07 +/- 1.46 g/dL between baseline and Week 64. In patients randomised to placebo ('switch'; n = 47), haemoglobin increased by 2.19 +/- 1.61 g/dL. Normal haemoglobin was achieved in high proportions of both continued and switch patients (89% and 83% at Week 64, respectively). Serum ferritin increased from 8.9 lg/L (baseline) to 26.0 lg/L (Week 12) in ferric maltol-treated patients, and to 57.4 lg/L amongst all patients at Week 64. In total, 80% of patients reported = 1 adverse event by Week 64. Adverse events considered related to ferric maltol were recorded in 27/111 (24%) patients: 8/18 discontinuations due to adverse events were treatment-related. One patient was withdrawn due to increased ulcerative colitis activity. Conclusions Normal haemoglobin was observed in = 80% of patients from weeks 20-64 of long-term ferric maltol treatment, with concomitant increases in iron storage parameters. Ferric maltol was well-tolerated throughout this 64-week study.</subfield>
  </datafield>
  <datafield tag="650" ind1=" " ind2="4">
   <subfield code="a">Klinikai orvostan</subfield>
  </datafield>
  <datafield tag="700" ind1="0" ind2="1">
   <subfield code="a">Ahmad Tariq</subfield>
   <subfield code="e">aut</subfield>
  </datafield>
  <datafield tag="700" ind1="0" ind2="1">
   <subfield code="a">Tulassay Zsolt</subfield>
   <subfield code="e">aut</subfield>
  </datafield>
  <datafield tag="700" ind1="0" ind2="1">
   <subfield code="a">Baumgart Daniel C</subfield>
   <subfield code="e">aut</subfield>
  </datafield>
  <datafield tag="700" ind1="0" ind2="1">
   <subfield code="a">Bokemeyer Bernd</subfield>
   <subfield code="e">aut</subfield>
  </datafield>
  <datafield tag="700" ind1="0" ind2="1">
   <subfield code="a">Howaldt Stefanie</subfield>
   <subfield code="e">aut</subfield>
  </datafield>
  <datafield tag="700" ind1="0" ind2="1">
   <subfield code="a">Stallmach Andreas</subfield>
   <subfield code="e">aut</subfield>
  </datafield>
  <datafield tag="700" ind1="0" ind2="1">
   <subfield code="a">Büning Carsten</subfield>
   <subfield code="e">aut</subfield>
  </datafield>
  <datafield tag="700" ind1="0" ind2="1">
   <subfield code="a">Horvath Gabor</subfield>
   <subfield code="e">aut</subfield>
  </datafield>
  <datafield tag="700" ind1="0" ind2="1">
   <subfield code="a">Kristóf Tünde</subfield>
   <subfield code="e">aut</subfield>
  </datafield>
  <datafield tag="700" ind1="0" ind2="1">
   <subfield code="a">László András</subfield>
   <subfield code="e">aut</subfield>
  </datafield>
  <datafield tag="700" ind1="0" ind2="1">
   <subfield code="a">Salamon Ágnes</subfield>
   <subfield code="e">aut</subfield>
  </datafield>
  <datafield tag="700" ind1="0" ind2="1">
   <subfield code="a">Molnár Tamás</subfield>
   <subfield code="e">aut</subfield>
  </datafield>
  <datafield tag="700" ind1="0" ind2="1">
   <subfield code="a">Vincze Áron</subfield>
   <subfield code="e">aut</subfield>
  </datafield>
  <datafield tag="700" ind1="0" ind2="1">
   <subfield code="a">Krayenbuehl Pierre</subfield>
   <subfield code="e">aut</subfield>
  </datafield>
  <datafield tag="856" ind1="4" ind2="0">
   <subfield code="u">http://publicatio.bibl.u-szeged.hu/27902/1/AlimentPharmacolTher-2016-Schmidt-Ferricmaltoltherapyforirondeficiencyanaemiainpatientswithinflammatory.pdf</subfield>
   <subfield code="z">Dokumentum-elérés </subfield>
  </datafield>
 </record>
</collection>
